Foreign-Born Population: Italian Regions Quiz Stats

 Plays Quiz not verified by Sporcle

Challenge
Share
Tweet
Embed
Score 0/200 Timer 10:00
0 Plays Today
Region Country % Correct
Aosta ValleyFrance
97.6%
SardiniaFrance
97.6%
AbbruzzoChina
94.8%
Aosta ValleyChina
94.8%
ApuliaChina
94.8%
BasilicataChina
94.8%
CalabriaChina
94.8%
CampaniaChina
94.8%
Emilia-RomagnaChina
94.8%
LazioChina
94.8%
LiguriaChina
94.8%
LombardyChina
94.8%
MarcheChina
94.8%
MoliseChina
94.8%
PiedmontChina
94.8%
SardiniaChina
94.8%
SicilyChina
94.8%
TuscanyChina
94.8%
UmbriaChina
94.8%
VenetoChina
94.8%
ApuliaIndia
92.5%
BasilicataIndia
92.5%
CalabriaIndia
92.5%
CampaniaIndia
92.5%
Emilia-RomagnaIndia
92.5%
Friuli-Venezia GiuliaSerbia
92.5%
LazioIndia
92.5%
LombardyIndia
92.5%
MoliseIndia
92.5%
VenetoSerbia
92.5%
VenetoIndia
92.5%
AbbruzzoMorocco
91.5%
Aosta ValleyMorocco
91.5%
ApuliaMorocco
91.5%
BasilicataMorocco
91.5%
CalabriaMorocco
91.5%
CampaniaMorocco
91.5%
Emilia-RomagnaMorocco
91.5%
Friuli-Venezia GiuliaMorocco
91.5%
LiguriaMorocco
91.5%
LombardyMorocco
91.5%
MarcheMorocco
91.5%
MoliseMorocco
91.5%
PiedmontMorocco
91.5%
SardiniaMorocco
91.5%
SardiniaGermany
91.5%
SicilyMorocco
91.5%
Trentino-South TyrolMorocco
91.5%
Trentino-South TyrolGermany
91.5%
TuscanyMorocco
91.5%
UmbriaMorocco
91.5%
VenetoMorocco
91.5%
AbbruzzoRomania
91%
Aosta ValleyRomania
91%
ApuliaRomania
91%
BasilicataRomania
91%
CalabriaRomania
91%
CampaniaRomania
91%
Emilia-RomagnaRomania
91%
Friuli-Venezia GiuliaRomania
91%
LazioRomania
91%
LiguriaRomania
91%
LombardyRomania
91%
MarcheRomania
91%
MoliseRomania
91%
PiedmontRomania
91%
SardiniaRomania
91%
Region Country % Correct
SicilyRomania
91%
Trentino-South TyrolRomania
91%
TuscanyRomania
91%
UmbriaRomania
91%
VenetoRomania
91%
AbbruzzoUkraine
90.1%
Aosta ValleyUkraine
90.1%
ApuliaUkraine
90.1%
BasilicataUkraine
90.1%
CalabriaUkraine
90.1%
CampaniaUkraine
90.1%
Emilia-RomagnaUkraine
90.1%
Friuli-Venezia GiuliaUkraine
90.1%
LazioUkraine
90.1%
LiguriaUkraine
90.1%
LombardyEgypt
90.1%
LombardyUkraine
90.1%
MarcheUkraine
90.1%
MoliseUkraine
90.1%
PiedmontUkraine
90.1%
SardiniaUkraine
90.1%
Trentino-South TyrolUkraine
90.1%
TuscanyUkraine
90.1%
UmbriaUkraine
90.1%
VenetoUkraine
90.1%
AbbruzzoAlbania
88.7%
Aosta ValleyAlbania
88.7%
Aosta ValleyTunisia
88.7%
ApuliaAlbania
88.7%
ApuliaTunisia
88.7%
BasilicataAlbania
88.7%
BasilicataTunisia
88.7%
CalabriaAlbania
88.7%
CampaniaAlbania
88.7%
Emilia-RomagnaAlbania
88.7%
Emilia-RomagnaTunisia
88.7%
Friuli-Venezia GiuliaAlbania
88.7%
LazioAlbania
88.7%
LiguriaAlbania
88.7%
LiguriaTunisia
88.7%
LombardyAlbania
88.7%
MarcheAlbania
88.7%
MarcheTunisia
88.7%
MoliseAlbania
88.7%
MoliseTunisia
88.7%
PiedmontAlbania
88.7%
SicilyTunisia
88.7%
SicilyAlbania
88.7%
Trentino-South TyrolAlbania
88.7%
Trentino-South TyrolTunisia
88.7%
TuscanyAlbania
88.7%
UmbriaAlbania
88.7%
VenetoAlbania
88.7%
AbbruzzoPoland
88.2%
Aosta ValleyPoland
88.2%
ApuliaPoland
88.2%
BasilicataPoland
88.2%
CalabriaPoland
88.2%
CampaniaPoland
88.2%
Friuli-Venezia GiuliaCroatia
88.2%
LazioPoland
88.2%
MarchePoland
88.2%
MolisePoland
88.2%
SardiniaPoland
88.2%
SicilyPoland
88.2%
TuscanyPoland
88.2%
UmbriaPoland
88.2%
Region Country % Correct
CalabriaRussia
87.7%
CampaniaRussia
87.7%
AbbruzzoBulgaria
85.8%
ApuliaBulgaria
85.8%
BasilicataBulgaria
85.8%
CalabriaBulgaria
85.8%
CampaniaBulgaria
85.8%
Emilia-RomagnaPakistan
84.4%
MarchePakistan
84.4%
Trentino-South TyrolPakistan
84.4%
Friuli-Venezia GiuliaBosnia
81.1%
SardiniaBosnia
81.1%
CalabriaPhilippines
75.9%
Emilia-RomagnaPhilippines
75.9%
LazioPhilippines
75.9%
LombardyPhilippines
75.9%
PiedmontPhilippines
75.9%
SardiniaPhilippines
75.9%
SicilyPhilippines
75.9%
TuscanyPhilippines
75.9%
AbbruzzoMacedonia
75.5%
Friuli-Venezia GiuliaMacedonia
75.5%
MarcheMacedonia
75.5%
PiedmontMacedonia
75.5%
Trentino-South TyrolMacedonia
75.5%
TuscanyMacedonia
75.5%
UmbriaMacedonia
75.5%
VenetoMacedonia
75.5%
Aosta ValleyMoldova
74.5%
Emilia-RomagnaMoldova
74.5%
LazioMoldova
74.5%
LiguriaMoldova
74.5%
MarcheMoldova
74.5%
MoliseMoldova
74.5%
PiedmontMoldova
74.5%
Trentino-South TyrolMoldova
74.5%
UmbriaMoldova
74.5%
VenetoMoldova
74.5%
BasilicataBrazil
72.2%
LazioBangladesh
69.8%
SicilyBangladesh
69.8%
VenetoBangladesh
69.8%
AbbruzzoKosovo
68.4%
Friuli-Venezia GiuliaKosovo
68.4%
MoliseKosovo
68.4%
Trentino-South TyrolKosovo
68.4%
LazioPeru
62.7%
LiguriaPeru
62.7%
LombardyPeru
62.7%
PiedmontPeru
62.7%
TuscanyPeru
62.7%
UmbriaPeru
62.7%
AbbruzzoSenegal
59.9%
PiedmontSenegal
59.9%
SardiniaSenegal
59.9%
TuscanySenegal
59.9%
Friuli-Venezia GiuliaGhana
58.5%
CampaniaSri Lanka
57.5%
SicilySri Lanka
57.5%
LiguriaEcuador
56.6%
LombardyEcuador
56.6%
UmbriaEcuador
56.6%
ApuliaGeorgia
39.6%
Aosta ValleyDominican Republic
37.3%
LiguriaDominican Republic
37.3%
SicilyMauritius
25%

You're not logged in!

Compare scores with friends on all Sporcle quizzes.
OR
Log In

You Might Also Like...

Show Comments

Extras

Top Quizzes Today


Score Distribution

Your Account Isn't Verified!

In order to create a playlist on Sporcle, you need to verify the email address you used during registration. Go to your Sporcle Settings to finish the process.

Report this User

Report this user for behavior that violates our Community Guidelines.

Details: